000 00565nam a22001937a 4500
003 MPLRDC
005 20220104200821.0
008 210129b ||||| |||| 00| 0 eng d
020 _a978-986-213-725-3
082 _a542.1345 NIC
100 _aANDREA DI NICOLA, GIAMPAOLO MUSUMECI
245 _a人口贩子的告白
_c倪安宇 译
250 _a初版一刷
260 _a台湾
_b大块文化出版股份有限公司
_c2016
300 _b
520 _a上架 2017-01-16
650 _a人口问题及人口政策--义大利
942 _cBK
_o542.1345 NIC
999 _c66879
_d66869